| 000 | 00767nam a22002655i 4500 | ||
|---|---|---|---|
| 001 | 10855 | ||
| 003 | ES-MaACL | ||
| 005 | 20230906145955.0 | ||
| 007 | t| | ||
| 008 | 931203s1993 sp ||||0| spa j | ||
| 020 | _a84-406-3755-1 | ||
| 040 |
_aM-BN _bspa _cM-BN |
||
| 080 | _a820(73)-31"19" | ||
| 100 | 1 |
_aNeville, Katherine. _985471 |
|
| 245 | 1 | 0 |
_aRiesgo calculado / _cKatherine Neville ; [traducción, Gemma Moral]. |
| 250 | _a[1ª ed., 2ª reimp.]. | ||
| 260 |
_aBarcelona : _bEdiciones B, _c1993 ( _gimp. 1993) |
||
| 300 |
_a412 p ; _c24 cm. |
||
| 490 | 1 | _aExito internacional | |
| 700 | 1 |
_aMoral, Gemma. _982934 |
|
| 830 | 0 |
_aExito internacional _9178842 |
|
| 852 |
_aES-MaACL _jL-18201 _bR.123095 |
||
| 999 |
_c10855 _d10855 |
||